00737nam a22002297a 450000500170000001000130001702000100003003500130004003700160005304000120006908200170008110000200009824501130011825000170023126000520024827000900030030000280039065000110041865000360042970000190046570000230048420170124110051.0 aA-820897 c00.00 aA-820897 bCen Lib/Ret aDPLbEN a658.045bJAG aJagdish Prakash aAdministration of public enterprises in India /cby Jagdish Prakash , Nageshwar Rao [and] Mata Badal Shukla  a5th rev. ed. aNew DelhibHimalaya Publishing House c1996 aPooja Appartments, 4-B, Muarari Lal Street, Ansari Road, DaryaganjbNew Delhie110002 a668p. :c21cm(Hb)bill. aIndia  aGovernment business enterprises aRao, Nageshwar aShukla, Mata Badal